| 000 | 00800nam a2200217Ia 4500 | ||
|---|---|---|---|
| 003 | GCL | ||
| 005 | 20240530101938.0 | ||
| 008 | 140319s9999 xx 000 0 ara d | ||
| 040 |
_aGCL / _cGCL |
||
| 082 | 0 | 4 |
_a349.607 _bن ا |
| 100 | 1 | _aناريمان عبد القادر | |
| 245 | 1 | 0 |
_aالاحكام العامة للشركة ذات المسئولية المحدودة وشركة الشخص الواحد (دراسة مقارنة) / _cناريمان عبد القادر |
| 260 |
_a[S.N] : _bدار النهضة العربية ، _c1992 |
||
| 300 | _a400 ص | ||
| 650 | 0 | 4 | _aالقانون |
| 650 | 0 | 4 | _aالقانون التجارى |
| 650 | 0 | 4 | _aالشركات |
| 650 | 0 | 4 | _aشركات الشخص الواحد |
| 650 | 0 | 4 | _aشركات ذات مسئولية محددة |
| 942 |
_2ddc _cBK |
||
| 999 |
_c28906 _d28906 |
||